A theorem on derivates

Elmentve itt :
Bibliográfiai részletek
Szerző: Neugebauer C. J.
Dokumentumtípus: Cikk
Megjelent: 1962
Sorozat:Acta scientiarum mathematicarum 23 No. 1-2
Kulcsszavak:Természettudomány, Matematika, Művelődés
Online Access:http://acta.bibl.u-szeged.hu/13955
LEADER 00631nab a2200181 i 4500
001 acta13955
005 20210412083817.0
008 161015s1962 hu o 0|| eng d
022 |a 0001-6969 
040 |a SZTE Egyetemi Kiadványok Repozitórium  |b hun 
041 |a eng 
100 1 |a Neugebauer C. J. 
245 1 2 |a A theorem on derivates  |h [elektronikus dokumentum] /  |c  Neugebauer C. J. 
260 |c 1962 
300 |a 79-81 
490 0 |a Acta scientiarum mathematicarum  |v 23 No. 1-2 
695 |a Természettudomány, Matematika, Művelődés 
856 4 0 |u http://acta.bibl.u-szeged.hu/13955/1/math_023_fasc_001_002_079-081.pdf  |z Dokumentum-elérés